|
|
|
|
| LEADER |
00000nam0a2200000 4500 |
| 001 |
30586 |
| 005 |
20231101210001.0 |
| 010 |
|
|
|a 5938950015
|
| 035 |
|
|
|a (RuTPU)RU\TPU\book\30859
|
| 035 |
|
|
|a BOOK00000031
|
| 090 |
|
|
|a 30586
|
| 100 |
|
|
|a 20011209d2000 k y0rusy50 ca
|
| 101 |
1 |
|
|a rus
|
| 102 |
|
|
|a RU
|
| 105 |
|
|
|a y z 001zy
|
| 200 |
1 |
|
|a Собственность и свобода
|e пер. с англ.
|f Р. Пайпс
|
| 210 |
|
|
|a Москва
|c Изд-во МШПИ
|d 2000
|
| 215 |
|
|
|a 415 с.
|
| 225 |
1 |
|
|a Библиотека Московской школы политических исследований
|
| 320 |
|
|
|a Имен. указ.: с. 412-415.
|
| 606 |
1 |
|
|a Политические исследования
|2 stltpush
|3 (RuTPU)RU\TPU\subj\70513
|9 84751
|
| 610 |
1 |
|
|a политика
|
| 610 |
1 |
|
|a экономика
|
| 610 |
1 |
|
|a собственность
|
| 610 |
1 |
|
|a свобода
|
| 610 |
1 |
|
|a история
|
| 610 |
1 |
|
|a Англия
|
| 610 |
1 |
|
|a парламентская демократия
|
| 610 |
1 |
|
|a Россия
|
| 610 |
1 |
|
|a 20 век
|
| 610 |
1 |
|
|a частная собственность
|
| 686 |
|
|
|a Ф01
|v LBC/SL-A
|2 rubbk
|
| 686 |
|
|
|a У011
|v LBC/SL-A
|2 rubbk
|
| 700 |
|
1 |
|a Пайпс
|b Р.
|g Ричард
|
| 801 |
|
0 |
|a RU
|b 63413507
|c 20011209
|g PSBO
|
| 801 |
|
2 |
|a RU
|b 63413507
|c 20130628
|g PSBO
|
| 942 |
|
|
|c BK
|